[Event "45th Olympiad 2024"]
[Site "Budapest HUN"]
[Date "2024.09.18"]
[Round "7.88"]
[Board "2"]
[White "Cottle, Brian S"]
[Black "Winston Gerald, Mansfield Thomas"]
[Result "1-0"]
[WhiteElo "1804"]
[BlackElo "1950"]
[PlyCount "77"]
[EventDate "2024.09.11"]
[WhiteTeam "Saint Vincent and the Grenadines"]
[BlackTeam "Sierra Leone"]
[BlackTeamCountry "SIE"]

1. c4 {ChessBase II} Nf6 2. Nc3 d6 3. g3 c6 4. Bg2 e5 5. e3 Bf5 6. d4 Qc7 7. Nge2 Nbd7 8. b3 Be7 9. Bb2 O-O 10. O-O Rfe8 11. Rc1 $146 ({RR} 11. d5 Nb6 12. Rc1 a6 13. h3 h6 14. Kh2 Rac8 15. e4 Bh7 16. g4 Nbd7 17. Qd2 Nf8 18. f4 exf4 19. Qxf4 Ng6 20. Qf2 Ne5 21. Rcd1 ({RR} 21. Qg3) 21... Nexg4+ {0-1 Giss,A (1415)-Block,T (1869) Bremen-ch 2019 (8.14)}) 11... Bg6 12. b4 Nb6 13. Qb3 Bd3 14. c5 dxc5 15. bxc5 Nbd7 16. Rfd1 Ba6 17. Rd2 Bf8 18. a4 Rad8 19. Rcc2 Qa5 20. Ba3 g6 21. h3 exd4 22. exd4 Bh6 23. f4 Re3 24. Bb4 Qc7 25. Qb2 Bd3 26. Nd1 Bxc2 27. Nxe3 Bxa4 28. Qa2 b5 29. cxb6 Nxb6 30. Nc3 Bb5 31. d5 a6 32. Ba5 cxd5 33. Ncxd5 Nfxd5 34. Bxd5 Qc1+ 35. Kh2 Rxd5 36. Nxd5 Nxd5 37. Qxd5 Bc6 38. Rd1 Qc2+ 39. Rd2 1-0

[Event "45th Olympiad 2024"]
[Site "Budapest HUN"]
[Date "2024.09.18"]
[Round "7.88"]
[Board "3"]
[White "Adeshole Beckley, Brian"]
[Black "Schneider, James U"]
[Result "1-0"]
[WhiteElo "1814"]
[BlackElo "1486"]
[PlyCount "119"]
[EventDate "2024.09.11"]
[WhiteTeam "Sierra Leone"]
[BlackTeam "Saint Vincent and the Grenadines"]
[WhiteTeamCountry "SIE"]

1. d4 Nf6 2. c4 e6 3. Nf3 d5 4. Nc3 Bb4 5. Bg5 O-O 6. e3 b6 7. cxd5 exd5 8. Bd3 ({RR} 8. Qb3 Bxc3+ 9. Qxc3 c6 10. Bd3 h6 11. Bh4 Bb7 12. Ne5 Qd6 13. O-O Nbd7 14. Rac1 Rac8 15. Bf5 Rcd8 16. Nxd7 Nxd7 17. Bxd8 Rxd8 18. b4 Nf6 19. b5 cxb5 20. Qc7 Qxc7 21. Rxc7 Rb8 22. Rfc1 Ne8 {1-0 Fedoseev,V (2674)-Abramov,N (2263) St Petersburg rapid 2015 (3)}) ({RR} 8. a3 Bxc3+ 9. bxc3 Bb7 10. Bd3 Nbd7 11. h3 Qe8 12. Bf4 Ne4 13. Qc2 c5 14. O-O c4 15. Be2 h6 16. Nd2 Ndf6 17. Be5 Nxd2 18. Qxd2 Ne4 19. Qc1 Qe7 20. f3 Ng5 21. Qe1 Qe6 22. Qg3 Qg6 {0-1 Nacario,R (1607)-Richards,T (1653) Olympiad Women 2024 (3.68)}) 8... Bb7 9. O-O Be7 $146 ({RR} 9... Nbd7 10. Ne5 Be7 11. Qf3 h6 12. Bf4 a6 13. Rac1 c5 14. Rfd1 Rc8 15. Bf5 cxd4 16. exd4 b5 17. Qh3 Nb6 18. Bxc8 Bxc8 19. Qg3 Nh5 20. Qf3 Nxf4 21. Nc6 Qd6 22. Nxe7+ Qxe7 23. Qxf4 Be6 24. b3 {1-0 Batsiashvili,N (2493)-Aizpurua,P (2321) Titled Tue 17th Jan Early 2023 (3)}) ({RR} 9... Nbd7 10. Rc1 Re8 11. Qa4 Be7 12. b4 a6 13. h3 Ne4 14. Bxe7 Rxe7 15. Rfd1 Re6 16. Qb3 Nf8 17. Ne5 Nf6 18. Ne2 Ng6 19. f4 Re8 20. Qc2 c6 21. Ng3 Rc8 22. Qb3 Rc7 23. Rc3 Ne7 24. Rdc1 {1-0 Martin,B (2270)-Dreyer,M (2215) NZL-ch New Zeeland 1990}) ({RR} 9... h6 10. Bh4 Nbd7 11. Ne5 Be7 12. f4 Ne4 13. Bxe4 dxe4 14. Bxe7 Qxe7 15. Nxd7 Qxd7 16. f5 Rac8 17. f6 g6 18. Qe1 Qe6 19. Qh4 Kh7 20. Rad1 Rfd8 21. Rf2 Rd7 22. g4 c5 23. g5 h5 24. Rfd2 {1-0 Byrne,R-Contoski,V US Open-61 Saint Louis 1960 (1)}) 10. Qc2 h6 11. Bf4 Nbd7 12. Nb5 c6 13. Nd6 Bxd6 14. Bxd6 Re8 15. h3 Rc8 16. Rac1 Ne4 17. Bh2 c5 18. Qa4 c4 19. Bb1 a5 20. Bxe4 Bc6 21. Bh7+ Kxh7 22. Qc2+ Kg8 23. Qf5 Qf6 24. Qxf6 Nxf6 25. Ne5 Bb5 26. Rfe1 Nd7 27. Rc3 Nxe5 28. Bxe5 f6 29. Bh2 Ba6 30. a4 b5 31. axb5 Bxb5 32. Bd6 Ra8 33. g4 Re6 34. Bc5 Rae8 35. f3 Bc6 36. b3 Kf7 37. bxc4 dxc4 38. e4 g6 39. Ra1 Ba8 40. Rxa5 f5 41. Ra7+ Kg8 42. d5 Rf6 43. Bd4 Rf7 44. Rxc4 fxe4 45. fxe4 Rd8 46. Rxf7 Kxf7 47. Rc7+ Ke8 48. Rh7 Bxd5 49. Rh8+ Kd7 50. Rxd8+ Kxd8 51. exd5 h5 52. g5 Kd7 53. Be5 Ke7 54. Kf2 Kd7 55. Ke3 Ke7 56. Kd4 Kd7 57. Kc5 Ke7 58. Kc6 Kd8 59. d6 h4 60. Bf6+ 1-0

[Event "45th Olympiad 2024"]
[Site "Budapest HUN"]
[Date "2024.09.18"]
[Round "7.89"]
[Board "1"]
[White "Bhakta Bahadur Monger"]
[Black "Kabamwanishi, Mashala"]
[Result "0-1"]
[WhiteElo "1911"]
[BlackElo "1914"]
[PlyCount "46"]
[EventDate "2024.09.11"]
[WhiteTeam "Bhutan"]
[BlackTeam "Democratic Republic of the Congo"]
[WhiteTeamCountry "BTN"]

1. d4 Nf6 2. Nf3 d5 3. Bf4 c5 4. e3 Nc6 5. dxc5 e6 6. Nbd2 Bxc5 7. c3 ({RR} 7. Bd3 Bd6 8. Bg5 h6 9. Bh4 e5 10. e4 dxe4 11. Nxe4 Be7 12. Bxf6 Bxf6 13. O-O Be7 14. Ng3 O-O 15. Re1 Qc7 16. Qe2 Bd6 17. Nf5 Bxf5 18. Bxf5 Rae8 19. Qc4 Nd4 20. Qxc7 Nxf3+ 21. gxf3 Bxc7 {½-½ Sevian,S (2687)-Vokhidov,S (2601) Airthings Masters Play-In 2023 (2)}) 7... O-O 8. Bd3 Re8 ({RR} 8... Qe7 9. Ne5 Bd6 10. Nxc6 bxc6 11. Bxd6 Qxd6 12. O-O a5 13. e4 Rd8 14. Bc2 e5 15. exd5 cxd5 16. Re1 h6 17. h3 Rb8 18. Bb3 Bb7 19. Nf3 Re8 20. Qc2 Bc6 21. Rad1 Qc7 22. Qf5 a4 23. Bc2 {0-1 Mahalakshmi,M (2205)-Kucuksari,K (2455) Titled Tue 27th Aug Early 2024 (1)}) 9. Ne5 Qb6 $146 ({RR} 9... Nxe5 10. Bxe5 Nd7 11. Bg3 e5 12. O-O Nf6 13. e4 Bg4 14. Qc2 h6 15. Rae1 d4 16. Nb3 Rc8 17. cxd4 Bb4 18. Qb1 Bxe1 19. Rxe1 exd4 20. h3 Be6 21. Nd2 Qa5 {0-1 Oland,A (1897)-Andersen,S (2064) Hillerod CC-chA 2016 (9)}) 10. b4 Nxe5 11. Bxe5 Be7 12. Qf3 Nd7 13. Qh3 g6 14. Bd4 Qc7 15. f4 e5 16. g4 exd4 17. f5 Qxc3 18. fxg6 hxg6 19. Bxg6 fxg6 20. Qh6 Qxe3+ 21. Qxe3 dxe3 22. Nf3 Bxb4+ 23. Ke2 Ne5 0-1

[Event "45th Olympiad 2024"]
[Site "Budapest HUN"]
[Date "2024.09.18"]
[Round "7.89"]
[Board "2"]
[White "Mimbasa Kutesa, Willy"]
[Black "Mahendra Gurung"]
[Result "1-0"]
[WhiteElo "1848"]
[BlackElo "1725"]
[PlyCount "67"]
[EventDate "2024.09.11"]
[WhiteTeam "Democratic Republic of the Congo"]
[BlackTeam "Bhutan"]
[BlackTeamCountry "BTN"]

1. e4 e5 2. Nf3 Nc6 3. Bc4 Bc5 4. c3 Nf6 5. d4 exd4 6. e5 Ng4 7. cxd4 Bb4+ 8. Nc3 d5 9. Bb3 ({RR} 9. Bd3 Be6 10. a3 Ba5 11. b4 Bb6 12. Bc2 h5 13. Bg5 Qd7 14. a4 a5 15. b5 Nb4 16. Bb1 Bf5 17. O-O Qe6 18. Ne2 Qg6 19. Nf4 Qh7 20. Qb3 Bxb1 21. Raxb1 Qe4 22. Rfe1 Qc2 23. Qxc2 Nxc2 {1-0 Navarro,T (2213)-Silva,G Goiania Copa FEXEG 2010}) 9... f5 $146 ({RR} 9... h5 10. O-O Bxc3 11. bxc3 Be6 12. h3 Nh6 13. Bg5 Ne7 14. Rb1 c6 15. Bxd5 Qxd5 16. Rxb7 Nef5 17. Qa4 O-O 18. a3 Qc4 19. Qc2 Qa6 20. Qb2 Bc4 21. Rd1 Bb5 22. Rc7 Rab8 23. Ra1 Qb6 24. Rd7 {0-1 Toennies,M-Renziehausen,K Sued Niedersachsen-ch U16 1998 (4)}) ({RR} 9... f6 10. h3 Ngxe5 11. dxe5 d4 12. exf6 dxc3 13. Qe2+ Qe7 14. Qxe7+ Nxe7 15. f7+ Kd8 16. O-O c2 17. Bxc2 Rf8 18. Bb3 h6 19. Rd1+ Bd6 20. Bf4 Ng6 21. Bxd6 cxd6 22. Rxd6+ {1-0 Li,Z (1555)-Liu,J CHN Nat Open Huhot 2023 (1.21)}) ({RR} 9... f6 10. h3 Nh6 11. Bxh6 gxh6 12. exf6 Be6 13. Qe2 Qd7 14. O-O-O Bxc3 15. bxc3 O-O-O 16. Ba4 Qd6 17. Qb2 Qf4+ 18. Kb1 Rd6 19. Ka1 Na5 20. Ne5 Rb6 21. Qd2 Qxf6 22. Rb1 Qg5 23. f4 Qe7 24. Rxb6 {½-½ Kuijvenhoven,V-Van Dijk,M Hengelo U16 op 1998}) ({RR} 9... Be6 10. h3 Nh6 11. Bxh6 gxh6 12. Qd2 Qd7 13. Qxh6 O-O-O 14. O-O-O Bxc3 15. bxc3 Na5 16. Qd2 Bf5 17. Nh4 Be6 18. Qb2 Qe7 19. Nf3 Rdg8 20. Rhg1 h5 21. h4 Rh6 22. Ng5 Nc4 23. Bxc4 dxc4 24. g3 {½-½ Shidad,M (1574)-Waghmare,S (1645) IND AICF-ch blind 10th 2014 (13)}) 10. h3 Nh6 11. Bg5 Ne7 12. Qd3 Nf7 13. Qb5+ c6 14. Qxb4 Nxg5 15. Nxg5 O-O 16. O-O-O h6 17. Nf3 b5 18. Ne2 a5 19. Qd2 b4 20. Ba4 Qb6 21. Nf4 Bd7 22. Nh4 g5 23. Nhg6 Rfe8 24. Nxe7+ Rxe7 25. Nh5 Be6 26. h4 f4 27. hxg5 hxg5 28. Nf6+ Kg7 29. Rh7+ Kf8 30. Rh8+ Kf7 31. Rxa8 Bf5 32. Bc2 Be6 33. Qd3 Rb7 34. Qh7# 1-0

[Event "45th Olympiad 2024"]
[Site "Budapest HUN"]
[Date "2024.09.18"]
[Round "7.89"]
[Board "3"]
[White "Suk Raj Monger"]
[Black "Kasongo Kazadi Olivier"]
[Result "1-0"]
[WhiteElo "1821"]
[BlackElo "1794"]
[PlyCount "53"]
[EventDate "2024.09.11"]
[WhiteTeam "Bhutan"]
[BlackTeam "Democratic Republic of the Congo"]
[WhiteTeamCountry "BTN"]

1. e4 e5 2. Nf3 Nc6 3. Bc4 h6 4. d4 exd4 5. Nxd4 Qf6 6. Be3 Qg6 ({RR} 6... Bc5 7. c3 Ne5 8. Be2 Qg6 9. O-O Nf6 10. Nd2 O-O 11. Nf5 Bd6 12. f4 Neg4 13. Bd4 h5 14. h3 Nh6 15. Nxh6+ Qxh6 16. e5 Nd5 17. exd6 Nxf4 18. dxc7 Qg5 19. Rxf4 Qxf4 20. Bxh5 d5 21. Qe2 {1-0 Velicka,P (2410)-Blatny,P (2555) CZE-chT 9798 1997 (4)}) ({RR} 6... Bc5 7. c3 Nge7 8. b4 Bb6 9. a4 Bxd4 10. Bxd4 Nxd4 11. cxd4 Nc6 12. e5 Qf4 13. Nc3 Nxd4 14. O-O c6 15. Qd3 Ne6 16. Rfe1 O-O 17. Re4 Qf5 18. Ne2 a5 19. Ng3 Qg6 20. Qd6 f5 21. exf6 {½-½ Shariff,S (1195)-Couchman,K GUY-ch U20 Providence 2022 (1)}) 7. O-O Ne5 8. Bb3 $146 ({RR} 8. Bd3 d6 9. Bf4 Bd7 10. Nf3 Nxd3 11. cxd3 Be7 12. Nc3 c6 13. d4 Bg4 14. d5 Qf6 15. Bg3 Bxf3 16. gxf3 h5 17. h3 g5 18. Re1 Qg7 19. e5 O-O-O 20. dxc6 bxc6 21. Qa4 Kb7 22. Qb4+ Kc7 {1-0 Babocs,G (2019)-Tako,A (1954) HUN-chT2 Szechenyi 1112 2011 (1.6)}) 8... c6 9. Bf4 Ng4 10. Nf5 Bc5 11. Qf3 N8f6 12. h3 h5 13. Bd6 Bxd6 14. Nxd6+ Ke7 15. Nxc8+ Raxc8 16. hxg4 hxg4 17. Qg3 Qh6 18. f3 gxf3 19. Qxf3 Qh4 20. Nc3 Ng4 21. Qh3 Qg5 22. Rxf7+ Kd6 23. Qg3+ Kc5 24. Rf5+ Qxf5 25. exf5 Nh2 26. Na4+ Kd4 27. Re1 1-0

[Event "45th Olympiad 2024"]
[Site "Budapest HUN"]
[Date "2024.09.18"]
[Round "7.90"]
[Board "1"]
[White "Misambo .J. KIlasa"]
[Black "Christopher, Art"]
[Result "1-0"]
[WhiteElo "1959"]
[BlackElo "1779"]
[PlyCount "73"]
[EventDate "2024.09.11"]
[WhiteTeam "Tanzania"]
[BlackTeam "British Virgin Islands"]
[WhiteTeamCountry "TAN"]
[BlackTeamCountry "IVB"]

1. c4 e6 2. g3 Nf6 3. Bg2 c6 4. Nf3 d5 5. b3 Be7 6. Bb2 O-O 7. O-O Nbd7 8. d3 Qc7 9. Nbd2 e5 10. cxd5 Nxd5 11. Nc4 ({RR} 11. Rc1 f6 12. a3 a5 13. e4 N5b6 14. d4 exd4 15. Nxd4 Ne5 16. h3 Nd3 17. Qc2 Nxc1 18. Rxc1 Bd7 19. Nc4 Nxc4 20. Qxc4+ Kh8 21. f4 Qb6 22. Kh2 Rad8 23. e5 fxe5 24. Ne6 Bxe6 25. Qxe6 Rde8 {0-1 Vila Dupla,A (2030)-Shubenkova,V (1960) Titled Tue 2nd May Early 2023 (9)}) 11... f6 12. e4 Nb4 $146 ({RR} 12... N5b6 13. Ne3 Nc5 14. Qc2 Be6 15. d4 exd4 16. Nxd4 Bf7 17. Ndf5 Ne6 18. Rac1 Rac8 19. Qe2 Bg6 20. Bh3 Rcd8 21. Nxe7+ Qxe7 22. Nf5 Qb4 23. Nh6+ gxh6 24. Bxe6+ Kg7 25. Bc4 Nxc4 26. Rxc4 Qd2 27. Rc2 {½-½ Bashkite,V (2191)-Kaos,K (1872) EST-ch (Women) 2005 (2)}) ({RR} 12... N5b6 13. Ne3 Nc5 14. Qc2 Re8 15. d4 exd4 16. Nxd4 Ne6 17. Ndf5 Bf8 18. a4 a5 19. Rfd1 Ng5 20. Nd5 Nxd5 21. exd5 c5 22. d6 Bxf5 23. Qxf5 Bxd6 24. Bd5+ Nf7 25. Bxf7+ Kxf7 26. Qd5+ Ke7 27. Rd3 {1-0 Maksimovic,S (2278)-Boskovic,M (2050) YUG-ch (Women) 53th 2000 (10)}) 13. d4 Rd8 14. Qe2 exd4 15. Bxd4 Bc5 16. a3 Na6 17. Bb2 Nf8 18. Rad1 Re8 19. b4 Nxb4 20. axb4 Bxb4 21. Qc2 a5 22. e5 b5 23. Nd6 Bxd6 24. exd6 Qf7 25. Qxc6 Bd7 26. Qd5 Qxd5 27. Rxd5 a4 28. Nd4 Rab8 29. Rc5 b4 30. Bd5+ Kh8 31. Bc6 a3 32. Bxd7 Nxd7 33. Rc7 Nf8 34. Nc6 axb2 35. Nxb8 Rxb8 36. d7 Ne6 37. Rc8+ 1-0

[Event "45th Olympiad 2024"]
[Site "Budapest HUN"]
[Date "2024.09.18"]
[Round "7.90"]
[Board "2"]
[White "Potter, Simon"]
[Black "Veer Gandhi"]
[Result "0-1"]
[WhiteElo "1663"]
[BlackElo "1792"]
[PlyCount "76"]
[EventDate "2024.09.11"]
[WhiteTeam "British Virgin Islands"]
[BlackTeam "Tanzania"]
[WhiteTeamCountry "IVB"]
[BlackTeamCountry "TAN"]

1. e4 c6 2. d4 d5 3. e5 Bf5 4. Nf3 e6 5. Bg5 ({RR} 5. g3 c5 6. c3 Nc6 7. Qe2 Qb6 8. dxc5 Bxc5 9. Bg2 Nge7 10. Nh4 a5 11. Nd2 a4 12. O-O Qa6 13. Qxa6 Rxa6 14. Nxf5 Nxf5 15. Re1 h5 16. Nf1 b5 17. h3 Kd7 18. Bf4 Rha8 19. Rad1 Ke8 {1-0 Von Wantoch Rekowski,D (2073)-Von Loehneysen,L (2081) Kreuzberg 2000 (9)}) 5... Qb6 6. b3 Nd7 ({RR} 6... h6 7. Be3 Nd7 8. Bd3 Ne7 9. Nh4 Bxd3 10. Qxd3 g5 11. Nf3 Ng6 12. O-O Be7 13. Nc3 Qc7 14. Rfe1 a6 15. Ne2 c5 16. c3 b5 17. Rac1 c4 18. Qc2 cxb3 19. axb3 Nb6 20. Ra1 O-O 21. Ng3 {0-1 Lourenco,V (1696)-Bezerra,N (1991) III Niteroi Chess Open 2023 (3.29)}) 7. c3 $146 ({RR} 7. Bd3 Bxd3 8. Qxd3 c5 9. c3 Ne7 10. Nbd2 Nc6 11. O-O cxd4 12. cxd4 Ba3 13. Be3 a5 14. Ng5 Bb2 15. Rab1 Bxd4 16. Nxh7 Ndxe5 17. Bxd4 Qxd4 18. Qxd4 Nxd4 19. Ng5 Rc8 20. Rfe1 Nd7 21. Rbd1 Nc2 {0-1 Guenthner,A (1193)-Staib,C (1605) Stuttgart-chB int 2005 (1)}) ({RR} 7. a3 c5 8. Be3 cxd4 9. Bxd4 Bc5 10. c3 Ne7 11. b4 Bxd4 12. cxd4 Rc8 13. Ra2 Qc7 14. Bb5 Bxb1 15. Rb2 Qc3+ 16. Rd2 Qxa3 17. O-O Qxb4 18. Qxb1 Qxb1 19. Rxb1 Rc7 20. Rdb2 b6 21. Ra2 O-O {0-1 Jani,L (1467)-Ethier,V (1367) Quebec-ch qual 2008 (3)}) ({RR} 7. Bd3 Bg4 8. Be2 Rc8 9. O-O c5 10. c3 Ne7 11. h3 Bh5 12. dxc5 Qxc5 13. Qd4 Nc6 14. Qxc5 Bxc5 15. g4 Bg6 16. Bf4 Bb6 17. Nbd2 Bc7 18. c4 Nb6 19. cxd5 Nxd5 20. Bg3 O-O 21. Nc4 Nc3 {0-1 Lopes,A-Azevedo,E (2081) Salvador FBX 5th 2011 (5.3)}) 7... c5 8. Nbd2 cxd4 9. cxd4 Ba3 10. Be2 Bb2 11. O-O h6 12. Bh4 Ne7 13. Bxe7 Kxe7 14. Nh4 Bh7 15. Nhf3 Rhc8 16. Re1 Bc2 17. Nc4 Rxc4 18. bxc4 Bxd1 19. Raxd1 Bc3 20. Rf1 Qa5 21. cxd5 Qxd5 22. Rc1 Ba5 23. Bc4 Qe4 24. Bb3 g5 25. Rfd1 Qf4 26. h3 g4 27. hxg4 Qxg4 28. Nh2 Qf4 29. Bc2 Nb6 30. Bh7 Nd5 31. Nf1 Nc3 32. Re1 Ne2+ 33. Rxe2 Qxc1 34. Be4 Rd8 35. Bxb7 Rxd4 36. Bf3 Qxf1+ 37. Kxf1 Rd1+ 38. Re1 Rxe1# 0-1

[Event "45th Olympiad 2024"]
[Site "Budapest HUN"]
[Date "2024.09.18"]
[Round "7.90"]
[Board "3"]
[White "Lusako, Shedrack"]
[Black "Samuel, Jhon"]
[Result "1-0"]
[WhiteElo "1760"]
[BlackElo "1545"]
[PlyCount "87"]
[EventDate "2024.09.11"]
[WhiteTeam "Tanzania"]
[BlackTeam "British Virgin Islands"]
[WhiteTeamCountry "TAN"]
[BlackTeamCountry "IVB"]

1. e4 c5 2. f4 Nc6 3. Nf3 d6 4. Bc4 Na5 ({RR} 4... Nf6 5. Qe2 Bg4 6. Bb5 Qb6 7. Nc3 O-O-O 8. Bxc6 Qxc6 9. d3 d5 10. Ne5 Bxe2 11. Nxc6 bxc6 12. Kxe2 c4 13. dxc4 d4 14. Nd1 Nxe4 15. Nf2 f5 16. Re1 e5 17. fxe5 Bb4 18. Rf1 Nxf2 19. Rxf2 {½-½ Kan,I (2256)-Lineykin,D (2142) Kiev Independence Cup-A 4th 2004 (10)}) 5. Bb5+ $146 ({RR} 5. Be2 g6 6. O-O Bg7 7. f5 gxf5 8. exf5 Bxf5 9. Ng5 Bg6 10. Bb5+ Nc6 11. Qf3 Nf6 12. Bxc6+ bxc6 13. Qxc6+ Nd7 14. Nc3 O-O 15. d3 Ne5 16. Qa4 d5 17. Bf4 c4 18. d4 Ng4 19. Ne2 Qb6 {0-1 Wessel,R (1806)-Haerig,W (2086) Niedersachsen-ch op 2011 (7)}) ({RR} 5. Be2 e6 6. Nc3 a6 7. f5 Nf6 8. d3 exf5 9. Bg5 h6 10. Bxf6 Qxf6 11. Nd5 Qd8 12. O-O Be6 13. Nf4 Qf6 14. Qd2 Nc6 15. exf5 Bxf5 16. Rae1 Qd8 17. Bd1+ Be7 18. Nh4 Bd7 19. Nhg6 Rg8 {1-0 Fernandez Garcia,I (1868)-Cabrera Jordan,E (1505) Tres Cantos op 9th 2017 (4)}) ({RR} 5. Be2 g6 6. c3 Bg7 7. Na3 Nf6 8. O-O O-O 9. d3 c4 10. Kh1 cxd3 11. Qxd3 d5 12. e5 Ne4 13. Nd4 Bf5 14. Nxf5 gxf5 15. Be3 e6 16. Rf3 Kh8 17. Rh3 Rg8 18. g4 fxg4 19. Bxg4 Bf8 {0-1 Schwier,M-Lai Hop,D Oberliga Ost-A 9495 1994}) ({RR} 5. Na3 Nxc4 6. Nxc4 b5 7. Ne3 Bb7 8. d3 e6 9. O-O Nf6 10. e5 Nd7 11. f5 dxe5 12. fxe6 fxe6 13. Ng4 Be7 14. Be3 O-O 15. Qe2 Qc7 16. Ng5 Bxg5 17. Bxg5 Rf5 18. h4 Raf8 19. Ne3 Rxf1+ {0-1 Schulz,G (1686)-Ehlert,J (1823) Dresden Vdes op 2000 (4)}) 5... Bd7 6. Bxd7+ Qxd7 7. d4 cxd4 8. Nxd4 Nf6 9. Nc3 e5 10. Nf3 Nc6 11. O-O Be7 12. fxe5 Nxe5 13. Nxe5 dxe5 14. Qxd7+ Nxd7 15. Nd5 Rc8 16. Nxe7 Kxe7 17. c3 Rhd8 18. Be3 b6 19. Kf2 Nc5 20. Bxc5+ Rxc5 21. Rad1 Rcc8 22. Ke3 Rxd1 23. Rxd1 Rd8 24. Rxd8 Kxd8 25. Kd3 Kc7 26. Kc4 Kc6 27. g4 h6 28. a4 a6 29. h3 f6 30. h4 Kd6 31. h5 Kc6 32. Kb4 Kd6 33. c4 Kc6 34. a5 bxa5+ 35. Kxa5 Kc5 36. b3 Kd4 37. Kxa6 Kxe4 38. c5 Kd5 39. Kb6 e4 40. c6 e3 41. c7 e2 42. c8=Q e1=Q 43. Qd7+ Ke4 44. Qe6+ 1-0

[Event "45th Olympiad 2024"]
[Site "Budapest HUN"]
[Date "2024.09.18"]
[Round "7.91"]
[Board "1"]
[White "Yacouba, Souley Moussa"]
[Black "Moncur, Cecil"]
[Result "0-1"]
[WhiteElo "1645"]
[BlackElo "1839"]
[PlyCount "108"]
[EventDate "2024.09.11"]
[WhiteTeam "Niger"]
[BlackTeam "Bahamas"]
[WhiteTeamCountry "NIG"]
[BlackTeamCountry "BAH"]

1. d4 g6 2. c4 Bg7 3. e4 Nc6 4. Nf3 e5 5. d5 Nd4 6. Be3 ({RR} 6. Nc3 d6 7. Nxd4 exd4 8. Nb5 Qe7 9. Bd3 c6 10. Na3 Nf6 11. O-O O-O 12. Bg5 h6 13. Bh4 g5 14. Bg3 Ng4 15. Nc2 c5 16. b4 b6 17. a4 Ne5 18. a5 Bg4 19. f3 Bd7 20. b5 Ng6 {0-1 Finegold,B (2465)-Dzindzichashvili,R (2560) New York op 1992 (4)}) 6... c5 7. Bg5 $146 ({RR} 7. dxc6 dxc6 8. h3 Ne7 9. Nc3 O-O 10. Be2 h6 11. Qd2 Kh7 12. g4 Be6 13. O-O-O c5 14. Nd5 Nc8 15. g5 Bxd5 16. exd5 h5 17. Nh4 Nd6 18. f3 b5 19. Bxd4 cxd4 20. cxb5 e4 21. Ng2 d3 {0-1 Beliaeva,N (2110)-Arnaudov,P (2222) EU-ch Seniors 04th 2004 (5)}) ({RR} 7. dxc6 dxc6 8. Nc3 Ne7 9. Be2 Be6 10. b3 Qa5 11. Rc1 O-O-O 12. Nd2 f5 13. exf5 gxf5 14. Bg5 Rhe8 15. O-O Rd7 16. Qe1 Ng6 17. h4 h6 18. Bh5 Bf7 19. Bxg6 Bxg6 20. Be3 f4 21. Bxd4 exd4 {1-0 Sriniaiyer,S (2128)-Khruschiov,A (2291) Titled Tue 4th Jun Early 2024 (1)}) ({RR} 7. Be2 d6 8. O-O Ne7 9. Ne1 O-O 10. Nc3 f5 11. f3 f4 12. Bf2 g5 13. g4 h5 14. h3 Rf6 15. Nd3 Rh6 16. Kg2 Kf7 17. Rh1 Bd7 18. b4 b6 19. Rb1 Qc7 20. bxc5 bxc5 21. Qd2 Rah8 {1-0 Chernin,O-Gabrielson,R CalChess Class-ch op 1977 (1)}) ({RR} 7. Nxd4 exd4 8. Bf4 d6 9. Bd3 Ne7 10. O-O O-O 11. Re1 Qc7 12. Nd2 h6 13. h3 g5 14. Bh2 Ng6 15. Nf1 Bd7 16. Ng3 Ne5 17. Qc2 b5 18. b3 bxc4 19. bxc4 Rab8 20. Nf5 Bxf5 21. Bxe5 Bxe4 {½-½ Richter,M (2131)-Schuettig,R (2265) Leutersdorf Muench Braeu op 06th 2001 (3)}) 7... f6 8. Be3 d6 9. Bd3 Ne7 10. h3 Bd7 11. Nbd2 a6 12. a4 b6 13. Nb3 O-O 14. Nbxd4 cxd4 15. Bd2 a5 16. O-O h6 17. Qc1 Kh7 18. b3 Rc8 19. Qa3 Be8 20. b4 f5 21. exf5 gxf5 22. Be2 e4 23. Nxd4 Bxd4 24. Ra2 Ng6 25. Bc3 Bxc3 26. Qxc3 Qf6 27. Qe3 Qd8 28. b5 Rc5 29. Ra3 Ne5 30. Rc1 Rg8 31. Qf4 Qg5 32. Qxg5 Rxg5 33. f4 exf3 34. Bxf3 Nxc4 35. Rac3 Ne5 36. Kf2 Nd3+ 37. Rxd3 Rxc1 38. Re3 Rc2+ 39. Ke1 Bd7 40. Kd1 Rc5 41. Re7+ Rg7 42. Re3 Kg6 43. Kd2 Kf6 44. Ra3 Re7 45. Ra1 Be8 46. Ra3 Bf7 47. Rd3 Re5 48. Rc3 Bxd5 49. Rxc5 dxc5 50. Bxd5 Rxd5+ 51. Kc3 Ke5 52. Kc4 Rd4+ 53. Kb3 Kf4 54. Ka3 Kg3 0-1